Vui học tiếng Việt ( chơi chữ, cùng dấu …)
Zapisane w:
| Format: | Książka |
|---|---|
| Wydane: |
2006
|
| Etykiety: |
Dodaj etykietę
Nie ma etykietki, Dołącz pierwszą etykiete!
|
| Thư viện lưu trữ: | Mạng thư viện Đại học Đà Nẵng |
|---|
| LEADER | 00479nam a22001811a 4500 | ||
|---|---|---|---|
| 001 | 000039277 | ||
| 003 | 15572 | ||
| 005 | 20160412021941.0 | ||
| 008 | 160412s2006 000 | ||
| 082 | |a 4V(TK)1099-01 | ||
| 245 | |a Vui học tiếng Việt ( chơi chữ, cùng dấu …) |c Nguyễn Thị Thúy. Bs | ||
| 260 | |c 2006 | ||
| OWN | |a LNN | ||
| 999 | |a From the UDN01 | ||
| TYP | |a Monograph | ||
| 980 | |a Mạng thư viện Đại học Đà Nẵng | ||